| 000 | 00609nam a2200205 u 4500 | ||
|---|---|---|---|
| 001 | 000431009 | ||
| 003 | AM-YeHGA | ||
| 005 | 20250617133228.0 | ||
| 008 | 050520s1938 ||||||||||||||||||||rus|d | ||
| 040 | _aAM-YeHGA | ||
| 041 | 0 | _arus | |
| 100 | 1 | _aБрук, Мирра | |
| 245 | 1 | 0 |
_aБизе / _cМирра Брук. |
| 260 |
_aМосква : _bМузгиз, _c1938. |
||
| 300 |
_a303 с. : _b[1] л. портр., ил., нот. ил. |
||
| 504 | _aБиблиогр.: с. 302 | ||
| 600 | 1 | 4 |
_aБизе, Жорж _d1838-1875 |
| 650 | 1 | 4 | _aКомпозиторы французские |
| 090 | _c163913 | ||
| 999 |
_c162500 _d162500 |
||